Personality Development And Soft Skills. (Record no. 95590)

MARC details
000 -LEADER
fixed length control field 00561nam a2200217Ia 4500
005 - DATE AND TIME OF LATEST TRANSACTION
control field 20251121201419.0
008 - FIXED-LENGTH DATA ELEMENTS--GENERAL INFORMATION
fixed length control field 230125s9999 xx 000 0 und d
020 ## - INTERNATIONAL STANDARD BOOK NUMBER
International Standard Book Number 9780199459742
041 ## - LANGUAGE CODE
Language code of text/sound track or separate title eng
082 ## - DEWEY DECIMAL CLASSIFICATION NUMBER
Classification number 158.1
Item number MIT
100 ## - MAIN ENTRY--PERSONAL NAME
Author Mitra B K
245 ## - TITLE STATEMENT
Title Personality Development And Soft Skills.
260 ## - PUBLICATION, DISTRIBUTION, ETC.
Date of publication, distribution, etc. 2017
Name of publisher, distributor, etc. Oxford University Press
Place of publication, distribution, etc. New Delhi
300 ## - PHYSICAL DESCRIPTION
Extent 256p
440 ## - SERIES STATEMENT/ADDED ENTRY--TITLE
Volume/sequential designation 5
500 ## - GENERAL NOTE
Keywords Personality Development
650 ## - SUBJECT ADDED ENTRY--TOPICAL TERM
Topical term or geographic name entry element Personality Development
700 ## - ADDED ENTRY--PERSONAL NAME
Personal name Mitra B K
942 ## - ADDED ENTRY ELEMENTS (KOHA)
Koha item type Books
906 ## - LOCAL DATA ELEMENT F, LDF (RLIN)
b 29
Holdings
Withdrawn status Lost status Damaged status Not for loan Home library Current library Date acquired Vendor Net Price Bill number Total Checkouts Full call number Barcode Date last seen Actual Price Bill Date Koha item type Original Barcode Date last checked out
        Smt. Hiraben Nanavati Institute of Management & Research for Women Smt. Hiraben Nanavati Institute of Management & Research for Women 22/03/2018 Pritam Book Centre 350.00 10585   158.1 MIT B17066 HIMR-BK-17066 25/01/2023 321.00 19/03/2018 Books B17066  
        Smt. Hiraben Nanavati Institute of Management & Research for Women Smt. Hiraben Nanavati Institute of Management & Research for Women 22/03/2018 Pritam Book Centre 350.00 10585   158.1 MIT B17067 HIMR-BK-17067 25/01/2023 321.00 19/03/2018 Books B17067  
        Smt. Hiraben Nanavati Institute of Management & Research for Women Smt. Hiraben Nanavati Institute of Management & Research for Women 22/03/2018 Pritam Book Centre 350.00 10585 1 158.1 MIT B17068 HIMR-BK-17068 27/03/2023 321.00 19/03/2018 Books B17068 14/03/2023
        Smt. Hiraben Nanavati Institute of Management & Research for Women Smt. Hiraben Nanavati Institute of Management & Research for Women 22/03/2018 Pritam Book Centre 350.00 10585   158.1 MIT B17069 HIMR-BK-17069 25/01/2023 321.00 19/03/2018 Books B17069  
        Smt. Hiraben Nanavati Institute of Management & Research for Women Smt. Hiraben Nanavati Institute of Management & Research for Women 22/03/2018 Pritam Book Centre 350.00 10585   158.1 MIT B17070 HIMR-BK-17070 25/01/2023 321.00 19/03/2018 Books B17070